000 00511nam a22001817a 4500
005 20180622093831.0
008 170314b xxu||||| |||| 00| 0 eng d
020 _a9781936523450
040 _cPK-LaUMT
082 _a519.50285536
_bHOL-S
100 _aHolcomb, Zealure C.
245 _aSPSS basics techniques for a first course in statistics /
_cZealure C. Holcomb and Susan Jarmuz-Smith
250 _a6th ed.
260 _aLondon :
_bRoutledge,
_c2017
300 _a207 p.
650 _aSPSS
942 _cBK
999 _c91713
_d91713